الإنعاش القلبي الرئوي واستخدام جهاز الصدمات الكهربائي الخارجي (التلقائي)لحالات توقف القلب المفاجئ للمنقذين من ذوي المهن الطبية والغير طبية / (رقم التسجيلة. 112769)

تفاصيل مارك
000 -LEADER
fixed length control field 00990nam a22002177a 4500
005 - DATE AND TIME OF LATEST TRANSACTION
control field 20251108174559.0
008 - FIXED-LENGTH DATA ELEMENTS--GENERAL INFORMATION
fixed length control field 250721s2008 xx 000 0 ara d
082 14 - DEWEY DECIMAL CLASSIFICATION NUMBER
Classification number 616.025/زيد
100 1# - MAIN ENTRY--PERSONAL NAME
Personal name فراج، رامي
Relator term مشرف
245 10 - TITLE STATEMENT
Title الإنعاش القلبي الرئوي واستخدام جهاز الصدمات الكهربائي الخارجي (التلقائي)لحالات توقف القلب المفاجئ للمنقذين من ذوي المهن الطبية والغير طبية /
264 1# - PRODUCTION, PUBLICATION, DISTRIBUTION, MANUFACTURE, AND COPYRIGHT NOTICE
Place of production, publication, distribution, manufacture عمان :
Name of producer, publisher, distributor, manufacturer دار تسنيم للنشر والتوزيع،
Date of production, publication, distribution, manufacture, or copyright notice (2008).
300 ## - PHYSICAL DESCRIPTION
Extent 128p.
500 ## - GENERAL NOTE
General note الكتاب نصفين الاول عربي و الثاني انجليزي
650 17 - SUBJECT ADDED ENTRY--TOPICAL TERM
Topical term or geographic name as entry element الاسعاف الاولي
650 17 - SUBJECT ADDED ENTRY--TOPICAL TERM
Topical term or geographic name as entry element توقف القلب
650 17 - SUBJECT ADDED ENTRY--TOPICAL TERM
Topical term or geographic name as entry element امراض القلب
700 1# - ADDED ENTRY--PERSONAL NAME
Personal name أبو زيد، راتب احمد محمد
Relator term مؤلف
700 1# - ADDED ENTRY--PERSONAL NAME
Personal name الحليق، سامر علي حسين
Relator term مؤلف
942 ## - ADDED ENTRY ELEMENTS (KOHA)
Source of classification or shelving scheme Dewey Decimal Classification
Koha item type كتب
المقتنيات
حالة السحب حالة الفقدان مصدر التصنيف حالة التلف غير قابل للإعارة المكتبة الرئيسية المكتبة الحالية موقع الرف تاريخ التزويد الرقم المتسلسل Total Checkouts رقم الإستدعاء الباركود تاريخ آخر ظهور تاريخ الفاتورة نوع المادة (كوها)
    Dewey Decimal Classification     المكتبة المركزية المكتبة المركزية الإعارة 24/06/2008 1200584   616.025/زيد PLD00023669 28/07/2025 24/06/2008 كتب
    Dewey Decimal Classification     المكتبة المركزية المكتبة المركزية مقتنيات قسم التزويد 28/07/2025 1200586   616.025/زيد   28/07/2025 28/07/2025 كتب
    Dewey Decimal Classification     المكتبة المركزية المكتبة المركزية مقتنيات قسم التزويد 28/07/2025 1200587   616.025/زيد   28/07/2025 28/07/2025 كتب
    Dewey Decimal Classification     المكتبة المركزية المكتبة المركزية مقتنيات قسم التزويد 28/07/2025 1200588   616.025/زيد   28/07/2025 28/07/2025 كتب
    Dewey Decimal Classification     المكتبة المركزية المكتبة المركزية الإعارة 01/11/2016 1629223   616.025/زيد PLD00397560 28/07/2025 01/11/2016 كتب
    Dewey Decimal Classification     مكتبة أبو علندا العامة مكتبة أبو علندا العامة الإعارة 24/06/2008 1200595   616.025/زيد PLD00023677 28/07/2025 24/06/2008 كتب
    Dewey Decimal Classification     مكتبة الأميرة ايمان العامة مكتبة الأميرة ايمان العامة الإعارة 24/06/2008 1200589   616.025/زيد PLD00023671 28/07/2025 24/06/2008 كتب
    Dewey Decimal Classification     مكتبة الاميرة بديعة مكتبة الاميرة بديعة الإعارة 24/06/2008 1200592   616.025/زيد PLD00023674 28/07/2025 24/06/2008 كتب
    Dewey Decimal Classification     مكتبة الجويدة مكتبة الجويدة الإعارة 24/06/2008 1200593   616.025/زيد PLD00023675 28/07/2025 24/06/2008 كتب
    Dewey Decimal Classification     مكتبة الراية الهاشمية للأطفال مكتبة الراية الهاشمية للأطفال الأطفال 01/10/2015 1466978   616.025/زيد PLD00350669 28/07/2025 01/10/2015 كتب
    Dewey Decimal Classification     مكتبة النصر العامة مكتبة النصر العامة الإعارة 24/06/2008 1200597   616.025/زيد PLD00023679 28/07/2025 24/06/2008 كتب
    Dewey Decimal Classification     مكتبة صويلح العامة مكتبة صويلح العامة الإعارة 24/06/2008 1200590   616.025/زيد PLD00023672 28/07/2025 24/06/2008 كتب
    Dewey Decimal Classification     مكتبة وادي السير العامة مكتبة وادي السير العامة الإعارة 24/06/2008 1200596   616.025/زيد PLD00023678 28/07/2025 24/06/2008 كتب
Implemented & Customized by: BBB with SCIT (Smart Chains for Information Technology)

Powered by Koha